| 000 | 00847nam a2200193 i 4500 | ||
|---|---|---|---|
| 001 | 189951 | ||
| 003 | ES-MaACL | ||
| 005 | 20250902073149.0 | ||
| 008 | 200221s1970 sp |||| | spa d | ||
| 245 | 0 | 0 |
_aSiderometalurgia _b: Ordenanza de trabajo para la industria siderometalúrgica. Orden del Ministerio de Trabajo de 29 de julio de 1970 y Ordenanza de Trabajo para la Industria Siderometalúrgica... |
| 260 |
_aMadrid : _bGarcía Enciso, _c1970. |
||
| 300 |
_a117 p. ; _c16 cm. |
||
| 490 | 1 | _aColección "García Enciso" | |
| 650 | 4 |
_aTrabajadores de la industria siderúrgica- _xEstatuto jurídico- _zEspaña. _9165906 |
|
| 650 | 4 |
_aTrabajadores de la industria metalúrgica- _xEstatuto jurídico- _zEspaña. _9169620 |
|
| 830 | 0 | 0 |
_aColección "García Enciso" _9176884 |
| 852 |
_aES-MaACL _jP-1332-33 |
||
| 999 |
_c189951 _d189951 |
||